[Event "GER OS-159 email"]
[Site "GER email"]
[Date "2011.02.27"]
[Round "?"]
[White "Hartwich, Amadeus"]
[Black "Woltmann, Michael"]
[Result "0-1"]
[WhiteElo "1652"]
[BlackElo "1973"]
[PlyCount "36"]
[EventDate "2011.03.08"]
[EventType "tourn (corr)"]
[EventRounds "6"]
[EventCountry "GER"]
[SourceTitle "Corr 2015"]
[Source "ChessBase"]
[SourceDate "2015.07.17"]
[SourceVersion "1"]
[SourceVersionDate "2015.07.17"]
[SourceQuality "1"]
[WhiteTeam "Germany"]
[BlackTeam "Germany"]
[WhiteTeamCountry "GER"]
[BlackTeamCountry "GER"]

1. e4 c6 2. Nf3 d5 3. e5 Bf5 4. d4 e6 5. Nc3 Bb4 6. Bd2 Ne7 7. a3 Ba5 8. b4 Bb6 9. Na4 Nd7 10. Nxb6 Nxb6 11. c3 Nc4 12. Bxc4 dxc4 13. 0-0 Nd5 14. Qc1 0-0 15. Bg5 Qc7 16. Nd2 h6 17. Bh4 Nf4 18. Nxc4 Ne2+ 0-1

[Event "GER OS-159 email"]
[Site "GER email"]
[Date "2011.02.27"]
[Round "?"]
[White "Wiegmann, Sascha"]
[Black "Hartwich, Amadeus"]
[Result "1-0"]
[WhiteElo "1530"]
[BlackElo "1652"]
[PlyCount "23"]
[EventDate "2011.03.08"]
[EventType "tourn (corr)"]
[EventRounds "6"]
[EventCountry "GER"]
[SourceTitle "Corr 2015"]
[Source "ChessBase"]
[SourceDate "2015.07.17"]
[SourceVersion "1"]
[SourceVersionDate "2015.07.17"]
[SourceQuality "1"]

1. e4 e5 2. Nf3 Nc6 3. Bb5 Nge7 4. 0-0 a6 5. Ba4 b5 6. Bb3 h6 7. d4 exd4 8. Nxd4 Nxd4 9. Qxd4 Nc6 10. Qd5 Qf6 11. a4 Nb4 12. Qxa8 1-0